| 000 | 01250cam a2200349 a 4500 | ||
|---|---|---|---|
| 001 | 13569493 | ||
| 003 | OSt | ||
| 005 | 20230626122544.0 | ||
| 008 | 031124s2003 ke a b 000 0 eng | ||
| 010 | _a 2003406598 | ||
| 020 | _a9966948392 | ||
| 035 | _a(DLC) 2003406598 | ||
| 040 |
_aDLC _cDLC _dDLC |
||
| 042 | _alcode | ||
| 043 | _af-ke--- | ||
| 082 |
_a332.82 _bNGU |
||
| 100 | 1 | _aNgugi, Rose. | |
| 245 | 1 | 0 |
_aDeregulation and management of interest rates : _bwhat are the options? / _cRose W. Ngugi. |
| 260 |
_aNairobi, Kenya : _bInstitute of Policy Analysis & Research, _cc2003. |
||
| 300 |
_avii, 80 p. : _bill. ; _c23 cm. |
||
| 490 | 0 |
_aDiscussion paper ; _vno. 038/2003 |
|
| 500 | _aCover title. | ||
| 504 | _aIncludes bibliographical references (p. 70). | ||
| 650 | 0 |
_aInterest rates _zKenya. |
|
| 650 | 0 |
_aMonetary policy _zKenya. |
|
| 650 | 0 |
_aFinancial services industry _xDeregulation _zKenya. |
|
| 830 | 0 |
_aDiscussion paper (Institute of Policy Analysis and Research (Kenya)) ; _vno. DP 03/038. |
|
| 856 | 4 | 1 |
_3Table of contents _uhttp://www.loc.gov/catdir/toc/fy044/2003406598.html |
| 906 |
_a7 _bcbc _corigode _d3 _encip _f20 _gy-gencatlg |
||
| 942 |
_2ddc _cBK |
||
| 999 |
_c2703 _d2703 |
||